Introduction théorique et practique a la science de l'ingénieur / (Record no. 44706)

MARC details
000 -LEADER
campo de control de longitud fija 00435nam a2200145 i 4500
001 - NÚMERO DE CONTROL
campo de control 44706
003 - IDENTIFICADOR DE NÚMERO DE CONTROL
campo de control ES-MaACL
007 - CAMPO FIJO DE DESCRIPCIÓN FÍSICA--INFORMACIÓN GENERAL
campo de control de longitud fija t|
008 - DATOS DE LONGITUD FIJA--INFORMACIÓN GENERAL
campo de control de longitud fija 030324s1857 fr ||||1| fre d
100 1# - ENTRADA PRINCIPAL--NOMBRE DE PERSONA
Nombre de persona Claudel, J.
9 (RLIN) 39084
245 10 - MENCIÓN DEL TÍTULO
Título Introduction théorique et practique a la science de l'ingénieur /
Mención de responsabilidad, etc. J. Claudel.
260 ## - PUBLICACIÓN, DISTRIBUCIÓN, ETC.
Lugar de publicación, distribución, etc. Paris :
Nombre del editor, distribuidor, etc. [s.n.,
Fecha de publicación, distribución, etc. 1857] (
Fabricante Imp. E. Thunot et Cie.)
300 ## - DESCRIPCIÓN FÍSICA
Extensión XIV, 611 p. ;
Dimensiones 22 cm.
852 ## - LOCALIZACIÓN
Ubicación ES-MaACL
Número de control de estantería G-11864
Holdings
Estatus retirado Estado de pérdida Estado de daño No para préstamo Colección Biblioteca de origen Biblioteca actual Ubicación en estantería Fecha de adquisición Fuente de adquisición Total de préstamos Signatura topográfica completa Código de barras Visto por última vez Precio de reemplazo Tipo de ítem Koha
        Libros del s. XIX Biblioteca del Ateneo de Madrid Biblioteca del Ateneo de Madrid Sala Pecera Planta 3 17/01/2008     G-11864 1047051 23/02/2023 23/02/2023 Libro impreso antiguo